| 000 | 00715nam a2200277Ia 4500 | ||
|---|---|---|---|
| 001 | 34710 | ||
| 005 | 20240114001742.0 | ||
| 007 | ta | ||
| 008 | 070228s1908 g b000 u 465 u | ||
| 040 | _aCotton College,Assam | ||
| 041 | _a465 | ||
| 082 |
_a923.3 _bC 638 M |
||
| 100 | _aMorley, John. | ||
| 245 | 0 |
_aThe Life of Richard Cobden / _cJohn Morley. _hTextual Documents |
|
| 250 | _a1st ed. / | ||
| 260 |
_aLondon : _bT.Fisher Unwin , _c1908. |
||
| 300 |
_a2v.;983p. ; _c22cm. |
||
| 653 | _aBiography-Richard Cobden | ||
| 653 | _aRichard Cobden-Biography | ||
| 653 | _aG-Biography | ||
| 942 |
_2ddc _cBK |
||
| 999 |
_c34692 _d34692 |
||